Assembly Language Techniques For The IBMPC (Record no. 166729)

MARC details
000 -LEADER
fixed length control field 00439nam a2200169Ia 4500
008 - FIXED-LENGTH DATA ELEMENTS--GENERAL INFORMATION
fixed length control field 230612s9999 xx 000 0 und d
041 ## - LANGUAGE CODE
Language code of text/sound track or separate title eng
082 ## - DEWEY DECIMAL CLASSIFICATION NUMBER
Classification number 005.265 MIL
100 ## - MAIN ENTRY--PERSONAL NAME
Personal name Miller A.R.
245 ## - TITLE STATEMENT
Title Assembly Language Techniques For The IBMPC
260 ## - PUBLICATION, DISTRIBUTION, ETC. (IMPRINT)
Date of publication, distribution, etc. 1993
Name of publisher, distributor, etc. B.P.B. Publication
300 ## - PHYSICAL DESCRIPTION
Extent 358
365 ## - TRADE PRICE
Currency code Rs.
Price amount 120.00
700 ## - ADDED ENTRY--PERSONAL NAME
Personal name Miller A.R.
906 ## - LOCAL DATA ELEMENT F, LDF (RLIN)
d B:139707-Sep-1993
c COMP
b 18
Holdings
Withdrawn status Lost status Damaged status Not for loan Home library Current library Date acquired Vendor Budget Code Cost, normal purchase price Bill number Full call number Barcode Date last seen Discount Cost, replacement price Bill Date Koha item type Original Barcode
Withdrawn       Cummins College of Engineering for Women Pune Cummins College of Engineering for Women Pune 16/09/1993 College Book Depot COMP 102.00 1397 005.265 MIL CCEP-BK-2447 12/06/2023 18 120.00 07/09/1993 Books 002447